000 00281nam a22001337a 4500
082 _a823
_bRAM/L
100 _aRAM K, S
100 _aPAUL, G
245 _aLEARNING TO COMMUNICATE
260 _aDELHI
_bOXFORD
_c2000
300 _a103
650 _aENGLISH STORY
_zINDIA
942 _cBK
999 _c7382
_d7382